=LDR 00000nam 2200000 4500 =001 NUTBA000000000002056 =005 20140531163401.0 =006 =007 =008 =020 ##$$a 978-979-007-454-5 =035 ##$$0010-051400000000521 =082 ##$$a 346.02 =100 ##$$a FATHURRAHMAN =245 ##$$a PENERAPAN HUKUM PERJANJIAN =250 ##$$a Cet. 2 =260 ##$$a JAKARTA,2013 $b SINAR GRAFIKA $c 2013 =300 ##$$a XIV,268 HLM $c 23 CM =990 ##$$a 21400613/BPAP-NTB/20142014 =990 ##$$a 0001/BPAP-NTB/2015 =990 ##$$a 0001/BPAP-NTB/2015 =990 ##$$a 21400613/BPAP-NTB/20142014 =990 ##$$a 0001/BPAP-NTB/2015 =990 ##$$a 0001/BPAP-NTB/2015